000 00672nam a22001937a 4500
005 20140314125139.0
010 _aENG-109447
020 _c525.00
_a9789350352090
035 _aEN-92980
037 _bDBAD/PUB
082 _a342.54062
100 _aKashyap, Subhash C.
245 0 0 _aIndian presidency :
_cby Subhash C. Kashyap [and] Abhaya Kashyap
_bconstitution law and practice /
260 _aDelhi
_bUniversal Law Publishing
_c2012
270 _aC-FF-1A, Dilkhus Industrial Estate, (Near Azadpur Metro Station) G.T. Karnal Road,
_bDelhi
_e110033
300 _axii,276p.
_c24cm(Hb)
700 _aKashyap, Abhaya
942 _2ddc
_cEN
_mKAS
_h342.54062
999 _c82714
_d82714